[Event "c14"]
[Site "?"]
[Date "2020.08.25"]
[Round "3.4"]
[White "Rog, Bartlomiej"]
[Black "Fiszer, Bartosz"]
[Result "1-0"]
[BlackElo "1890"]
[WhiteElo "1550"]
[LiveChessVersion "1.4.8"]

1. e4 {[%clk 0:15:19]} c5 {[%clk 0:15:17]} 2. Nf3 {[%clk 0:15:28]} Nc6
{[%clk 0:15:24]} 3. Nc3 {[%clk 0:15:37]} d6 {[%clk 0:15:28]} 4. d4
{[%clk 0:15:43]} cxd4 {[%clk 0:15:36]} 5. Nxd4 {[%clk 0:15:52]} Nf6
{[%clk 0:15:45]} 6. Bc4 {[%clk 0:16:01]} Bd7 {[%clk 0:15:46]} 7. Bb3
{[%clk 0:15:15]} g6 {[%clk 0:15:42]} 8. Be3 {[%clk 0:15:23]} Ng4 {[%clk 0:15:24]}
9. Qf3 {[%clk 0:15:00]} Nce5 {[%clk 0:14:55]} 10. Qg3 {[%clk 0:14:42]} Nxe3
{[%clk 0:14:57]} 11. Qxe3 {[%clk 0:14:51]} Bg7 {[%clk 0:14:57]} 12. f4
{[%clk 0:14:43]} Ng4 {[%clk 0:14:56]} 13. Qd2 {[%clk 0:14:21]} Qb6
{[%clk 0:14:00]} 14. O-O-O {[%clk 0:12:53]} e5 {[%clk 0:09:38]} 15. Nf3
{[%clk 0:12:00]} O-O {[%clk 0:09:11]} 16. Nd5 {[%clk 0:11:54]} Qc5
{[%clk 0:06:39]} 17. Ne7+ {[%clk 0:09:51]} Kh8 {[%clk 0:06:45]} 18. Qxd6
{[%clk 0:10:00]} Qe3+ {[%clk 0:06:11]} 19. Kb1 {[%clk 0:10:06]} Nf2
{[%clk 0:03:51]} 20. Rde1 {[%clk 0:06:02]} Qb6 {[%clk 0:02:27]} 21. Qxd7
{[%clk 0:06:00]} Rad8 {[%clk 0:02:16]} 22. Qa4 {[%clk 0:05:15]} Nxh1
{[%clk 0:02:10]} 23. Rxh1 {[%clk 0:05:20]} exf4 {[%clk 0:01:19]} 24. Nd5
{[%clk 0:04:34]} Qf2 {[%clk 0:00:37]} 25. Rg1 {[%clk 0:02:29]} g5
{[%clk 0:00:18]} 26. h3 {[%clk 0:01:35]} h5 {[%clk 0:00:19]} 27. Qc4
{[%clk 0:01:14]} g4 {[%clk 0:00:17]} 28. hxg4 {[%clk 0:01:21]} Rc8
{[%clk 0:00:17]} 29. Qf1 {[%clk 0:00:47]} Qxf1+ {[%clk 0:00:16]} 30. Rxf1
{[%clk 0:00:57]} hxg4 {[%clk 0:00:23]} 31. Rh1+ {[%clk 0:01:06]} Bh6
{[%clk 0:00:32]} 32. Ne5 {[%clk 0:00:20]} Kh7 {[%clk 0:00:18]} 33. Nxg4
{[%clk 0:00:20]} Rc6 {[%clk 0:00:27]} 34. Ne7 {[%clk 0:00:27]} Rb6
{[%clk 0:00:21]} 35. Nf5 {[%clk 0:00:35]} Rd8 {[%clk 0:00:18]} 36. Ngxh6
{[%clk 0:00:28]} Rd2 {[%clk 0:00:17]} 37. Bxf7 {[%clk 0:00:19]} 1-0

[Event "c14"]
[Site "?"]
[Date "2020.08.25"]
[Round "3.5"]
[White "Pisarek, Jan"]
[Black "Malek, Jan"]
[Result "0-1"]
[BlackElo "1843"]
[WhiteElo "1517"]
[LiveChessVersion "1.4.8"]

1. e4 d6 2. d4 Nf6 3. Nc3 Nbd7 4. h3 e5 5. g4 exd4 6. Qxd4 Nc5 7. Bg2 c6 8. Nge2
Qc7 9. Be3 Be6 10. Ng3 a5 11. f4 O-O-O 12. O-O-O Be7 13. g5 Ne8 14. f5 Bd7 15.
Bf4 Qb6 16. e5 Qb4 17. exd6 Qxd4 18. Rxd4 Bf8 19. Rhd1 g6 20. f6 Ne6 21. Re4 Nxf4
22. Rxf4 Bxd6 23. Rf3 h6 24. Nce4 Be6 25. Rfd3 Bf4+ 26. Kb1 Rxd3 27. Rxd3 Bxg5
28. Nxg5 hxg5 29. Ne4 Bf5 30. Re3 Bxe4 31. Rxe4 Nxf6 32. Re7 Re8 33. Rxe8+ Nxe8
34. Kc1 Kd7 35. Kd2 Kd6 36. a4 Kc5 37. c3 Nd6 38. b3 b5 39. Bf3 f5 40. Bd1 Ne4+
0-1

[Event "c14"]
[Site "?"]
[Date "2020.08.25"]
[Round "3.6"]
[White "Paprocki, Antoni"]
[Black "Halhoul, Adam"]
[Result "1-0"]
[BlackElo "1513"]
[WhiteElo "1843"]
[LiveChessVersion "1.4.8"]

1. d4 {[%clk 0:15:19]} Nf6 {[%clk 0:15:28]} 2. c4 e5 3. dxe5 {[%clk 0:15:36]} Ng4
{[%clk 0:15:37]} 4. Bf4 {[%clk 0:15:45]} Nc6 {[%clk 0:15:46]} 5. Nf3
{[%clk 0:15:50]} Bb4+ {[%clk 0:15:55]} 6. Nc3 {[%clk 0:15:54]} Qe7
{[%clk 0:16:00]} 7. Qd5 {[%clk 0:15:49]} Bxc3+ {[%clk 0:16:08]} 8. bxc3
{[%clk 0:15:58]} f6 {[%clk 0:16:17]} 9. exf6 {[%clk 0:15:56]} Nxf6
{[%clk 0:16:26]} 10. Qd3 {[%clk 0:15:47]} O-O {[%clk 0:16:26]} 11. g3
{[%clk 0:15:48]} d6 {[%clk 0:16:29]} 12. Bg2 {[%clk 0:15:56]} Kh8
{[%clk 0:16:30]} 13. O-O {[%clk 0:16:01]} Be6 {[%clk 0:16:14]} 14. Rab1
{[%clk 0:16:03]} Na5 {[%clk 0:16:15]} 15. Nd2 {[%clk 0:16:06]} c6
{[%clk 0:16:01]} 16. Bxd6 {[%clk 0:16:11]} Qd7 {[%clk 0:16:08]} 17. Bxf8
{[%clk 0:16:18]} Qxd3 {[%clk 0:16:16]} 18. exd3 {[%clk 0:16:26]} Rxf8
{[%clk 0:16:23]} 19. Rfe1 {[%clk 0:16:15]} Bf5 {[%clk 0:16:20]} 20. Ne4
{[%clk 0:16:23]} Nd7 {[%clk 0:16:22]} 21. Nd6 {[%clk 0:16:07]} Bxd3
{[%clk 0:16:17]} 22. Rbd1 {[%clk 0:16:04]} Nc5 {[%clk 0:16:25]} 23. Re5
{[%clk 0:15:27]} Bc2 {[%clk 0:15:59]} 24. Rd2 {[%clk 0:15:12]} b6
{[%clk 0:15:46]} 25. Rxc2 {[%clk 0:15:19]} Rd8 {[%clk 0:15:55]} 26. Nf7+
{[%clk 0:15:28]} 1-0

[Event "c14"]
[Site "?"]
[Date "2020.08.25"]
[Round "3.7"]
[White "Czernecki, Andrzej"]
[Black "Kutowski, Marcel"]
[Result "1/2-1/2"]
[BlackElo "1819"]
[WhiteElo "1507"]
[LiveChessVersion "1.4.8"]

1. d4 Nf6 2. c4 e6 3. Nc3 Bb4 4. f3 c5 5. e4 d6 6. a3 Bxc3+ 7. bxc3 O-O 8. Bd3 e5
9. Ne2 Nc6 10. d5 {[%clk 0:15:01]} Na5 {[%clk 0:14:45]} 11. Bg5 h6 12. Bh4 b6 13.
Nc1 Bd7 14. O-O {[%clk 0:13:28]} g5 {[%clk 0:10:57]} 15. Bf2 {[%clk 0:13:17]} Kh8
{[%clk 0:09:21]} 16. Be3 {[%clk 0:13:20]} Qe7 {[%clk 0:08:25]} 17. g4
{[%clk 0:12:08]} Rg8 {[%clk 0:07:36]} 18. Kf2 {[%clk 0:12:00]} h5
{[%clk 0:06:52]} 19. h3 {[%clk 0:12:02]} h4 {[%clk 0:06:57]} 20. a4
{[%clk 0:11:48]} Nh7 {[%clk 0:06:17]} 21. Nb3 {[%clk 0:11:32]} f6
{[%clk 0:05:02]} 22. Qc2 {[%clk 0:11:08]} Rgb8 {[%clk 0:04:49]} 23. Rfb1
{[%clk 0:10:53]} Qe8 {[%clk 0:04:27]} 24. Nd2 {[%clk 0:10:46]} Nf8
{[%clk 0:04:26]} 25. Ra2 {[%clk 0:08:46]} Ng6 {[%clk 0:04:30]} 26. Rba1
{[%clk 0:08:37]} Rb7 {[%clk 0:04:04]} 27. Bf1 {[%clk 0:08:30]} Rab8
{[%clk 0:04:06]} 28. Kg1 {[%clk 0:06:54]} Qe7 {[%clk 0:03:56]} 1/2-1/2

[Event "c14"]
[Site "?"]
[Date "2020.08.25"]
[Round "3.8"]
[White "Kolodziejski, Piotr"]
[Black "Kejna, Piotr"]
[Result "0-1"]
[BlackElo "1812"]
[WhiteElo "1497"]
[LiveChessVersion "1.4.8"]

1. e4 {[%clk 0:15:19]} c5 {[%clk 0:15:19]} 2. Nf3 {[%clk 0:15:27]} d6
{[%clk 0:15:27]} 3. d4 {[%clk 0:15:35]} cxd4 {[%clk 0:15:36]} 4. Nxd4
{[%clk 0:15:43]} Nf6 {[%clk 0:15:44]} 5. Nc3 {[%clk 0:15:52]} g6 {[%clk 0:15:53]}
6. Be3 {[%clk 0:15:41]} Bg7 {[%clk 0:16:01]} 7. f3 {[%clk 0:15:48]} Nc6
{[%clk 0:16:10]} 8. Be2 {[%clk 0:15:57]} O-O {[%clk 0:16:14]} 9. O-O
{[%clk 0:16:04]} Bd7 {[%clk 0:15:45]} 10. Qd2 {[%clk 0:16:03]} a6
{[%clk 0:15:51]} 11. a4 {[%clk 0:16:06]} Rc8 {[%clk 0:15:55]} 12. Kh1
{[%clk 0:16:02]} Qc7 {[%clk 0:16:03]} 13. Nxc6 {[%clk 0:15:17]} Qxc6
{[%clk 0:16:00]} 14. Bd4 {[%clk 0:15:14]} Be6 {[%clk 0:15:58]} 15. a5
{[%clk 0:15:10]} Bc4 {[%clk 0:15:44]} 16. Bxc4 {[%clk 0:14:43]} Qxc4
{[%clk 0:15:52]} 17. Rfd1 {[%clk 0:14:33]} Rfd8 {[%clk 0:14:09]} 18. Ra4
{[%clk 0:14:14]} Qc6 {[%clk 0:14:13]} 19. Bb6 {[%clk 0:13:57]} Re8
{[%clk 0:13:36]} 20. Ra3 {[%clk 0:13:26]} Nd7 {[%clk 0:13:14]} 21. Bd4
{[%clk 0:13:16]} Ne5 {[%clk 0:13:16]} 22. Bxe5 {[%clk 0:12:52]} Bxe5
{[%clk 0:13:24]} 23. Rb3 {[%clk 0:12:14]} Bxc3 {[%clk 0:12:17]} 24. Rxc3
{[%clk 0:11:50]} Qa4 {[%clk 0:12:09]} 25. h3 {[%clk 0:11:28]} Qa2
{[%clk 0:10:25]} 26. Rb3 {[%clk 0:10:47]} Rc7 {[%clk 0:09:49]} 27. Rb6
{[%clk 0:09:13]} Rec8 {[%clk 0:09:21]} 28. Qg5 {[%clk 0:07:43]} Qe6
{[%clk 0:08:41]} 29. c3 {[%clk 0:07:37]} Rc5 {[%clk 0:08:10]} 30. Rd5
{[%clk 0:06:51]} Qd7 {[%clk 0:08:14]} 31. Qd2 {[%clk 0:05:39]} R8c6
{[%clk 0:05:45]} 32. Rb3 {[%clk 0:04:51]} Qc7 {[%clk 0:05:33]} 33. f4
{[%clk 0:03:56]} e6 {[%clk 0:04:25]} 34. Rxc5 {[%clk 0:03:35]} Rxc5
{[%clk 0:04:34]} 35. Rb6 {[%clk 0:03:39]} d5 {[%clk 0:04:30]} 36. e5
{[%clk 0:02:38]} Rxa5 {[%clk 0:04:36]} 37. Qd4 {[%clk 0:02:46]} Rb5
{[%clk 0:03:55]} 38. Rxb5 {[%clk 0:02:53]} axb5 {[%clk 0:04:04]} 39. Qb4
{[%clk 0:02:42]} Qc4 {[%clk 0:03:51]} 40. Qxc4 {[%clk 0:01:22]} bxc4
{[%clk 0:04:00]} 41. Kg1 {[%clk 0:01:32]} Kf8 {[%clk 0:03:57]} 42. Kf2
{[%clk 0:01:41]} Ke7 {[%clk 0:04:05]} 43. Ke3 {[%clk 0:01:18]} Kd7
{[%clk 0:04:14]} 44. g4 {[%clk 0:00:53]} Kc6 {[%clk 0:03:57]} 45. f5
{[%clk 0:00:40]} Kc5 {[%clk 0:02:58]} 46. h4 {[%clk 0:00:30]} d4+
{[%clk 0:01:58]} 47. cxd4+ {[%clk 0:00:38]} Kd5 {[%clk 0:02:07]} 48. h5
{[%clk 0:00:19]} gxh5 {[%clk 0:01:47]} 49. fxe6 {[%clk 0:00:24]} fxe6
{[%clk 0:01:54]} 50. gxh5 {[%clk 0:00:32]} h6 0-1

[Event "c14"]
[Site "?"]
[Date "2020.08.25"]
[Round "3.9"]
[White "Jeda, Maciej"]
[Black "Zdybel, Przemyslaw"]
[Result "1-0"]
[BlackElo "1455"]
[WhiteElo "1806"]
[LiveChessVersion "1.4.8"]

1. e4 {[%clk 0:15:18]} c5 {[%clk 0:15:17]} 2. Nf3 {[%clk 0:15:26]} d6
{[%clk 0:15:25]} 3. d4 {[%clk 0:15:35]} cxd4 {[%clk 0:15:33]} 4. Nxd4
{[%clk 0:15:43]} Nf6 {[%clk 0:15:40]} 5. Nc3 {[%clk 0:15:51]} a6 {[%clk 0:15:49]}
6. Be2 {[%clk 0:15:52]} e5 {[%clk 0:15:55]} 7. Nb3 {[%clk 0:16:01]} Be7
{[%clk 0:16:03]} 8. O-O {[%clk 0:16:07]} O-O {[%clk 0:16:10]} 9. a4
{[%clk 0:16:11]} Be6 {[%clk 0:15:11]} 10. f4 exf4 {[%clk 0:14:09]} 11. Bxf4
{[%clk 0:14:25]} Nbd7 {[%clk 0:14:17]} 12. a5 {[%clk 0:13:21]} Ne5
{[%clk 0:14:18]} 13. Nd4 {[%clk 0:12:48]} Rc8 {[%clk 0:13:44]} 14. Nf5
{[%clk 0:11:09]} Bxf5 {[%clk 0:12:16]} 15. exf5 {[%clk 0:11:17]} Qd7
{[%clk 0:10:23]} 16. Bg3 {[%clk 0:09:38]} Rfd8 {[%clk 0:10:00]} 17. Na4
{[%clk 0:09:09]} Rc6 {[%clk 0:08:10]} 18. Nb6 {[%clk 0:08:29]} Qc7
{[%clk 0:08:17]} 19. c3 {[%clk 0:08:31]} Rc5 {[%clk 0:07:29]} 20. Bf2
{[%clk 0:05:35]} Rc6 {[%clk 0:06:58]} 21. Nd5 {[%clk 0:05:32]} Nxd5
{[%clk 0:07:05]} 22. Qxd5 {[%clk 0:05:40]} Nd7 {[%clk 0:06:38]} 23. Bd4
{[%clk 0:04:22]} Bf6 {[%clk 0:05:54]} 24. Bf3 {[%clk 0:03:15]} Bxd4+
{[%clk 0:05:25]} 25. Qxd4 {[%clk 0:03:21]} Rc4 {[%clk 0:05:32]} 26. Qd2
{[%clk 0:02:44]} Nf6 {[%clk 0:04:54]} 27. Kh1 {[%clk 0:02:31]} d5
{[%clk 0:04:51]} 28. Rfe1 {[%clk 0:01:59]} h6 {[%clk 0:04:38]} 29. Re2
{[%clk 0:01:08]} Rh4 {[%clk 0:03:05]} 30. h3 {[%clk 0:00:55]} Qg3
{[%clk 0:03:13]} 31. Qe1 {[%clk 0:00:32]} Qg5 {[%clk 0:02:28]} 32. Rd1
{[%clk 0:00:28]} Rf4 {[%clk 0:02:35]} 33. Red2 {[%clk 0:00:17]} Rxf5
{[%clk 0:02:31]} 34. c4 {[%clk 0:00:25]} Re5 {[%clk 0:02:12]} 35. Qf2
{[%clk 0:00:20]} d4 {[%clk 0:01:17]} 36. Rxd4 {[%clk 0:00:14]} Rxd4
{[%clk 0:01:06]} 37. Rxd4 {[%clk 0:00:22]} Qc1+ {[%clk 0:01:13]} 38. Kh2
{[%clk 0:00:31]} Re1 {[%clk 0:01:16]} 39. g3 {[%clk 0:00:18]} Rf1
{[%clk 0:01:08]} 40. Qg2 {[%clk 0:00:16]} Qe1 {[%clk 0:00:56]} 41. Rd2
{[%clk 0:00:25]} Kh7 {[%clk 0:00:46]} 42. Rd1 {[%clk 0:00:32]} Rh1+
{[%clk 0:00:24]} 43. Qxh1 {[%clk 0:00:38]} Qf2+ {[%clk 0:00:32]} 44. Qg2
{[%clk 0:00:47]} 1-0

[Event "c14"]
[Site "?"]
[Date "2020.08.25"]
[Round "3.10"]
[White "Maslanka, Wojciech"]
[Black "Meers, Hubert"]
[Result "0-1"]
[BlackElo "1802"]
[WhiteElo "1487"]
[LiveChessVersion "1.4.8"]

1. e4 {[%clk 0:15:17]} c6 {[%clk 0:15:16]} 2. d4 {[%clk 0:15:25]} d5
{[%clk 0:15:26]} 3. Nc3 {[%clk 0:15:32]} dxe4 {[%clk 0:15:34]} 4. Nxe4
{[%clk 0:15:40]} Bf5 {[%clk 0:15:42]} 5. Ng3 {[%clk 0:15:48]} Bg6
{[%clk 0:15:51]} 6. h4 {[%clk 0:15:55]} h6 {[%clk 0:15:59]} 7. Nf3
{[%clk 0:16:03]} Nd7 {[%clk 0:16:08]} 8. h5 {[%clk 0:16:12]} Bh7 {[%clk 0:16:17]}
9. Bd3 {[%clk 0:16:20]} Bxd3 {[%clk 0:16:25]} 10. Qxd3 {[%clk 0:16:28]} e6
{[%clk 0:16:33]} 11. Bd2 {[%clk 0:16:28]} Ngf6 {[%clk 0:16:37]} 12. O-O-O
{[%clk 0:16:33]} Be7 {[%clk 0:16:43]} 13. Ne4 {[%clk 0:16:41]} Nxe4
{[%clk 0:16:51]} 14. Qxe4 {[%clk 0:16:49]} Nf6 {[%clk 0:16:59]} 15. Qd3
{[%clk 0:16:57]} O-O {[%clk 0:16:26]} 16. Ne5 {[%clk 0:16:33]} Qd5
{[%clk 0:15:14]} 17. c4 {[%clk 0:16:14]} Qe4 {[%clk 0:15:22]} 18. Qxe4
{[%clk 0:11:50]} Nxe4 {[%clk 0:15:30]} 19. Be3 {[%clk 0:11:58]} Rfd8
{[%clk 0:13:40]} 20. g4 {[%clk 0:10:37]} f5 {[%clk 0:12:44]} 21. Rhg1
{[%clk 0:08:35]} f4 {[%clk 0:12:03]} 22. Bxf4 {[%clk 0:08:12]} Nxf2
{[%clk 0:12:06]} 23. g5 {[%clk 0:06:51]} hxg5 {[%clk 0:11:51]} 24. Bxg5
{[%clk 0:06:58]} Bxg5+ {[%clk 0:10:43]} 25. Rxg5 {[%clk 0:07:07]} Nxd1
{[%clk 0:09:49]} 26. h6 {[%clk 0:07:14]} Kh7 {[%clk 0:09:59]} 27. Rxg7+
{[%clk 0:06:24]} Kxh6 {[%clk 0:10:07]} 28. Rg3 {[%clk 0:05:24]} Rxd4
{[%clk 0:09:28]} 29. Rh3+ {[%clk 0:04:38]} Kg7 {[%clk 0:09:24]} 30. Rg3+
{[%clk 0:04:41]} Kf6 {[%clk 0:09:21]} 31. Ng4+ {[%clk 0:04:42]} Rxg4
{[%clk 0:08:42]} 32. Rxg4 {[%clk 0:04:50]} Ne3 {[%clk 0:08:47]} 33. Rf4+
{[%clk 0:04:48]} Nf5 {[%clk 0:08:53]} 34. Kd2 {[%clk 0:04:56]} Rd8+
{[%clk 0:09:01]} 35. Kc3 {[%clk 0:05:05]} e5 {[%clk 0:09:08]} 36. Rf1
{[%clk 0:05:13]} e4 {[%clk 0:09:13]} 37. Kd4 Ke5+ 0-1

[Event "c14"]
[Site "?"]
[Date "2020.08.25"]
[Round "3.11"]
[White "Krupinski, Mikolaj"]
[Black "Cieply, Krzysztof"]
[Result "0-1"]
[BlackElo "1667"]
[WhiteElo "1396"]
[LiveChessVersion "1.4.8"]

1. e4 {[%clk 0:15:18]} c5 {[%clk 0:15:14]} 2. Nc3 {[%clk 0:15:23]} e6
{[%clk 0:15:15]} 3. g3 {[%clk 0:15:26]} d5 {[%clk 0:15:18]} 4. Bg2
{[%clk 0:15:22]} d4 {[%clk 0:15:21]} 5. Nce2 {[%clk 0:15:29]} Nc6
{[%clk 0:15:26]} 6. d3 {[%clk 0:15:36]} Be7 {[%clk 0:15:22]} 7. f4
{[%clk 0:15:35]} Nf6 {[%clk 0:15:08]} 8. Nf3 {[%clk 0:15:30]} O-O
{[%clk 0:15:10]} 9. O-O {[%clk 0:15:32]} b5 {[%clk 0:14:11]} 10. c3
{[%clk 0:14:08]} Bb7 {[%clk 0:14:05]} 11. cxd4 {[%clk 0:14:05]} cxd4
{[%clk 0:13:59]} 12. b3 {[%clk 0:13:56]} Bc5 {[%clk 0:13:34]} 13. Bb2
{[%clk 0:14:02]} Ng4 {[%clk 0:13:03]} 14. Qc1 {[%clk 0:13:01]} Bb6
{[%clk 0:13:06]} 15. Ne1 {[%clk 0:11:59]} Ne3 {[%clk 0:13:03]} 16. Rf2
{[%clk 0:12:07]} Rc8 {[%clk 0:12:52]} 17. Qb1 {[%clk 0:10:34]} Re8
{[%clk 0:10:13]} 18. Nc2 {[%clk 0:05:12]} Nxc2 {[%clk 0:09:36]} 19. Qxc2
{[%clk 0:05:19]} Nb4 {[%clk 0:09:41]} 20. Qd1 {[%clk 0:05:18]} Nc2
{[%clk 0:08:03]} 21. Rc1 {[%clk 0:05:26]} Ne3 {[%clk 0:08:11]} 22. Qd2
{[%clk 0:05:08]} Qd7 {[%clk 0:08:14]} 23. h3 {[%clk 0:04:28]} Rxc1+
{[%clk 0:07:28]} 24. Qxc1 {[%clk 0:04:27]} Rc8 {[%clk 0:07:33]} 25. Qa1
{[%clk 0:04:33]} h6 {[%clk 0:07:17]} 26. Nxd4 {[%clk 0:03:48]} Bxd4
{[%clk 0:07:22]} 27. Bxd4 {[%clk 0:03:57]} Nc2 {[%clk 0:07:27]} 28. Rxc2
{[%clk 0:04:05]} Rxc2 {[%clk 0:07:35]} 29. Bxg7 {[%clk 0:04:06]} Qc8
{[%clk 0:07:11]} 30. Qf6 {[%clk 0:03:45]} Qc5+ {[%clk 0:06:43]} 31. d4
{[%clk 0:03:40]} Qh5 {[%clk 0:06:43]} 32. Bxh6 {[%clk 0:03:19]} Rxg2+
{[%clk 0:06:45]} 33. Kxg2 {[%clk 0:03:27]} Qe2+ {[%clk 0:06:54]} 34. Kg1
{[%clk 0:03:36]} Qe1+ {[%clk 0:07:03]} 35. Kh2 {[%clk 0:03:33]} Qf2+
{[%clk 0:07:10]} 36. Kh1 {[%clk 0:03:42]} Bxe4# {[%clk 0:07:19]} 0-1

[Event "c14"]
[Site "?"]
[Date "2020.08.25"]
[Round "3.12"]
[White "Trzebinski, Patryk"]
[Black "Wieckowski, Michal"]
[Result "1-0"]
[BlackElo "1491"]
[WhiteElo "1815"]
[LiveChessVersion "1.4.8"]

1. e4 {[%clk 0:15:10]} d5 {[%clk 0:15:18]} 2. exd5 {[%clk 0:15:27]} Nf6
{[%clk 0:15:27]} 3. c4 {[%clk 0:15:25]} c6 {[%clk 0:15:36]} 4. d4
{[%clk 0:15:34]} cxd5 {[%clk 0:15:31]} 5. Nc3 {[%clk 0:15:42]} Nc6
{[%clk 0:15:23]} 6. Be3 {[%clk 0:15:50]} Bf5 {[%clk 0:15:15]} 7. Nf3
{[%clk 0:14:43]} e6 {[%clk 0:15:20]} 8. c5 {[%clk 0:14:50]} Be7 {[%clk 0:15:15]}
9. Bb5 {[%clk 0:14:54]} O-O {[%clk 0:15:00]} 10. O-O {[%clk 0:14:57]} Ne4
{[%clk 0:12:29]} 11. Nxe4 {[%clk 0:14:09]} Bxe4 {[%clk 0:12:26]} 12. Bxc6
{[%clk 0:14:17]} bxc6 {[%clk 0:12:34]} 13. Ne5 {[%clk 0:14:23]} Qc7
{[%clk 0:10:34]} 14. Qa4 {[%clk 0:14:26]} Rac8 {[%clk 0:09:38]} 15. f3
{[%clk 0:13:43]} f6 {[%clk 0:08:36]} 16. Nxc6 {[%clk 0:10:52]} Qxc6
{[%clk 0:08:30]} 17. Qxc6 {[%clk 0:11:00]} Rxc6 {[%clk 0:08:39]} 18. fxe4
{[%clk 0:11:09]} dxe4 {[%clk 0:08:47]} 19. b4 {[%clk 0:11:17]} f5
{[%clk 0:08:03]} 20. b5 {[%clk 0:11:12]} Rcc8 {[%clk 0:08:12]} 21. Bf4
{[%clk 0:10:43]} Bf6 {[%clk 0:05:39]} 22. Rfd1 {[%clk 0:10:41]} Rfd8
{[%clk 0:04:28]} 23. Bd6 {[%clk 0:10:44]} Kf7 {[%clk 0:04:14]} 24. a4
{[%clk 0:08:37]} Be7 {[%clk 0:01:25]} 25. Bxe7 {[%clk 0:08:43]} Kxe7
{[%clk 0:01:34]} 26. b6 {[%clk 0:04:18]} axb6 {[%clk 0:00:15]} 27. cxb6
{[%clk 0:04:25]} Rc2 {[%clk 0:00:23]} 28. a5 {[%clk 0:04:20]} e3 {[%clk 0:00:30]}
29. a6 {[%clk 0:04:09]} Rb2 {[%clk 0:00:14]} 30. b7 {[%clk 0:02:48]} e2
{[%clk 0:00:14]} 31. Re1 {[%clk 0:02:27]} Rb8 {[%clk 0:00:11]} 32. a7
{[%clk 0:02:28]} 1-0

[Event "c14"]
[Site "?"]
[Date "2020.08.25"]
[Round "4.1"]
[White "Klimkowski, Jan"]
[Black "Kejna, Piotr"]
[Result "1-0"]
[BlackElo "1812"]
[WhiteElo "1998"]
[LiveChessVersion "1.4.8"]

1. e4 c5 2. Nf3 d6 3. d4 cxd4 4. Nxd4 Nf6 5. Nc3 g6 6. f3 Bg7 7. Be3 Nc6 8. Qd2
O-O 9. O-O-O d5 10. Qe1 e5 11. Nxc6 bxc6 12. exd5 Nxd5 13. Bc4 Be6 14. Ne4 Qc7
15. Bc5 Rfd8 16. h4 Nf4 17. Bxe6 Nxe6 18. Bd6 Qb6 19. Qc3 Nf4 20. Kb1 Nd5 21. Qa3
Rd7 22. c4 Nf4 23. Rd2 Ne6 24. Rhd1 Rad8 25. c5 Qb7 26. Qa4 Kh8 27. Qc4 Nf4 28.
Qc3 f6 29. g3 Nd5 30. Rxd5 cxd5 31. c6 Qb5 32. cxd7 dxe4 33. Be7 Qe2 34. Qc2 1-0

[Event "c14"]
[Site "?"]
[Date "2020.08.25"]
[Round "4.2"]
[White "Meers, Hubert"]
[Black "Karolczuk, Iwo"]
[Result "0-1"]
[BlackElo "1951"]
[WhiteElo "1802"]
[LiveChessVersion "1.4.8"]

1. e4 c5 2. Nf3 Nc6 3. d4 cxd4 4. Nxd4 e5 5. Nb5 d6 6. N1c3 a6 7. Na3 Be6 8. Nc4
Rb8 9. Ne3 Nf6 10. Ned5 Bxd5 11. exd5 Ne7 12. Bg5 Ng6 13. g3 Be7 14. Bxf6 Bxf6
15. Bg2 O-O 16. O-O b5 17. Qe2 Qc8 18. Ne4 Be7 19. c3 f5 20. Nd2 Bg5 21. a4 e4
22. Nb3 Bf6 23. Rfd1 Qc4 24. Qxc4 bxc4 25. Na5 Ne5 26. Rab1 Rfc8 27. Bf1 Rb6 28.
Kg2 Rc5 29. Nc6 Nd3 30. Bxd3 cxd3 31. a5 Rb3 32. Nb4 Rxa5 33. h4 Rb5 34. f3 a5
35. Na6 Rxb2+ 36. Rxb2 Rxb2+ 37. Kf1 Bxc3 38. g4 e3 0-1

[Event "c14"]
[Site "?"]
[Date "2020.08.25"]
[Round "4.3"]
[White "Chyzy, Jakub"]
[Black "Jeda, Maciej"]
[Result "1-0"]
[BlackElo "1806"]
[WhiteElo "1930"]
[LiveChessVersion "1.4.8"]

1. e4 {[%clk 0:15:18]} c5 {[%clk 0:15:19]} 2. Nf3 {[%clk 0:15:27]} d6
{[%clk 0:15:28]} 3. d4 {[%clk 0:15:36]} cxd4 {[%clk 0:15:36]} 4. Qxd4
{[%clk 0:15:45]} Nc6 {[%clk 0:15:24]} 5. Bb5 {[%clk 0:15:52]} Bd7
{[%clk 0:15:28]} 6. Bxc6 {[%clk 0:16:01]} Bxc6 {[%clk 0:15:36]} 7. Nc3
{[%clk 0:16:10]} Nf6 {[%clk 0:14:56]} 8. Bg5 {[%clk 0:16:18]} e6 {[%clk 0:13:30]}
9. O-O-O {[%clk 0:16:25]} Be7 {[%clk 0:13:16]} 10. Rhe1 {[%clk 0:16:30]} Qc7
{[%clk 0:11:41]} 11. Kb1 {[%clk 0:10:58]} a6 {[%clk 0:10:40]} 12. Nd5
{[%clk 0:08:36]} exd5 {[%clk 0:08:03]} 13. exd5 {[%clk 0:08:43]} Bb5
{[%clk 0:08:01]} 14. Bxf6 {[%clk 0:08:14]} gxf6 15. Qxf6 {[%clk 0:08:17]} Rf8
{[%clk 0:07:00]} 16. Nd4 {[%clk 0:06:08]} Kd8 {[%clk 0:05:15]} 17. Qg7
{[%clk 0:05:46]} Qd7 {[%clk 0:03:04]} 18. Rxe7 {[%clk 0:05:20]} Qxe7
{[%clk 0:02:59]} 19. Nf5 {[%clk 0:05:29]} 1-0